000 01175cam a22002774a 4500
001 12701330
005 20080307114825.0
008 020312s2002 gw ab b e 001 0 eng
010 _a 2002020914
020 _a3540417931 (alk. paper)
040 _aDLC
_cDLC
_dDLC
042 _apcc
050 0 0 _aT58.5
_b.K33 2002
082 0 0 _a004.03
_221
_bKAJ
100 1 _aKajan, Ejub,
_d1953-
_96261
245 1 0 _aInformation technology encyclopedia and acronyms /
_cEjub Kajan.
260 _aBerlin ;
_aNew York :
_bSpringer,
_cc2002.
300 _axvii, 684 p. :
_bcol. ill., col. map ;
_c24 cm.
504 _aIncludes bibliographical references (p. 613-621) and index.
650 0 _aInformation technology
_vEncyclopedias.
_96262
650 0 _aInformation technology
_vAcronyms.
_96263
856 4 2 _3Publisher description
_uhttp://www.loc.gov/catdir/enhancements/fy0816/2002020914-d.html
942 _2ddc
_cBB
999 _c11854
_d11854